Estadísticas para Paises sin costa aleatorios con bandera

Haz click aquí para intentar la prueba.

Estadísticas generales

  • Esta prueba ha sido intentada 41 veces
  • La puntuación promedio es 14 de 16

Estadísticas de respuestas

Respuesta% Correcto
Bután
97%
Bolivia
95%
Eslovaquia
95%
Liechtenstein
95%
Hungria
92%
Paraguay
92%
Serbia
92%
Laos
90%
Etiopia
87%
Kirguistán
87%
Turkmenistan
87%
Armenia
85%
Malaui
79%
Niger
77%
Mali
74%
Azerbayan
67%

Distribución de puntuación

Porcentaje por número respondido

Porcentaje de gente con cada puntuación

Historial de tus puntuaciones

No has intentado esta prueba.